000
002400000a22000970004500
100
1
_a
Linthicum, Robert C.
245
1
0
_a
Authentic strategies for urban ministry
300
_a
Núm 44 (1994), Páginas 14-18
773
0
_t
Together
942
_c
ANA
999
_c
56179
_d
56179